000 01049cam a2200193 4500
001 WB3931-31
008 030821n2003 000 0 eng u
035 _a(Sirsi) u123336
245 _aInternational valuation standards 2003 on internet
260 _c2003
490 _aIVSC News Release
520 _aThe 2003 edition of the "International valuation standards" can now be freely viewed and downloaded from the International Valuation Standards Committee's (IVSC) website http://www.ivsc.org. This represents IVSC's commitment to ensure that all valuers from both developed and emerging countries have access to its standards. Steps taken by national valuation standards setters throughout the world towards adopting IVS provide evidence of a growing consensus on the need for common valuation methods. http://www.ivsc.org/news/NR030701.html.
590 _aWB
650 _aINTERNATIONAL VALUATION STANDARDS
650 _aVALUATION STANDARDS
650 _aGLOSSARIES
690 _aPROPERTY-PROPERTY APPRAISAL AND VALUATION
942 _n0
999 _c73267
_d73267